| 000 | 00755nam a2200217 i 4500 | ||
|---|---|---|---|
| 001 | 182252 | ||
| 003 | ES-MaACL | ||
| 005 | 20250817062600.0 | ||
| 008 | 130729s2012 sp a | |||||||| | spa d | ||
| 080 | _a7(410)(083.824) | ||
| 245 | 0 | 3 |
_aLa isla del tesoro : _barte británico de Holden a Hockney : Fundación Juan March : Madrid, 5 de octubre de 2012, 20 de enero de 2013. |
| 260 |
_aMadrid : _bFundación Juan March, _cD.L. 2012. |
||
| 300 |
_a30 p. ; _c17 cm. |
||
| 500 | _aTexto paralelo en español e inglés. | ||
| 650 | 4 |
_aArte británico- _vExposiciones. _9153100 |
|
| 655 | 7 |
_2tgfbne _9193628 _aCatálogos de exposiciones |
|
| 710 | 2 |
_aFundación Juan March _94346 |
|
| 852 |
_aES-MaACL _j2315-F-2 |
||
| 942 | _2udc | ||
| 999 |
_c182252 _d182252 |
||